000 00312nam a22001337a 4500
999 _c532486
_d532486
003 NUST
020 _a9787119112664
_qH/B.
038 _awaseem
082 _a739
_bJEW
245 _aThe Jewels in China's Crown /
260 _aBeijing :
_bForeign Languages press,
_c2018.
300 _a141 p. ;
942 _2ddc
_cBK